Duman Şarkıları - Statistics

General Stats
  • This quiz has been taken 375 times
  • The average score is 47 of 84
Answer Stats
Answer % Correct
Bal
87%
Kufi
87%
Köprüaltı
84%
Seni Kendime Sakladım
81%
Senden Daha Güzel
79%
Yürek
76%
Aman Aman
75%
Belki Alışman Lazım
72%
Bu Akşam - Akustik
72%
Bu Akşam
71%
Her Şeyi Yak
69%
Ah
66%
Bebek
66%
Hatun
66%
Dibine Kadar
63%
Kırmış Kalbini
63%
Kırmış Kalbini - Uzun Versiyon
63%
Oje
63%
Hayatı Yaşa
62%
İstanbul
62%
Masal
62%
Haberin Yok Ölüyorum
61%
Halimiz Duman
61%
Balık
60%
Yalnızlık Paylaşılmaz
59%
Yürekten
59%
Dağlar Bağlar
58%
Melankoli
58%
Gazze'de
57%
Öyle Dertli
57%
Özgürlüğün Ülkesi
57%
Elleri Ellerime
56%
Eyvallah
56%
Kolay Değildir
56%
Manası Yok
56%
Nerde Benim Kafam
56%
Vals
56%
Yanıbaşımdan
56%
Dönek
55%
Helal Olsun
55%
İçimde Bir Bahar
55%
İyi de Bana Ne
55%
Köpekler
55%
Seviyorsan İnanıyorsan
55%
Elimdeki Saz Yeter Canıma
54%
Senin gibi
54%
Sor Bana Pişman mıyım
54%
Tövbe
54%
En Güzel Günüm Gecem
53%
Melek
52%
Rüyanda Görsen İnanma
52%
Geçmiş Olsun
51%
Kumbela
51%
Of
51%
Sarhoş
51%
İçimde Aşk Var
50%
Sayın Bayan
50%
Senin Marşın
50%
Akıbet
49%
Kamikaze
49%
Sadece Koklayacaktım
49%
Teessüf Ederim
49%
Hele Hele Gur Gur
48%
Rezil
48%
Saldır
48%
Bu Aşk Beni Yorar
47%
Sen Ben
47%
Deli
46%
Gönül İster
46%
Haykırdım Ben
46%
Sınana Sınana
46%
Canımsın
45%
Yağmurun Sabahında
45%
Hayvan
44%
Paranoya
44%
Yalan
44%
Gözleri Kanlı
42%
Maşallah
42%
Zelzele
42%
Sevdim Desem
41%
Anılar, O Geceler
39%
Ben Senden Vazgeçmem
37%
Bir Güzellik Yapsana
34%
Farkımız Yok
34%
No matching quizzes found
Score Distribution
Percent of People with Each Score
Percentile by Number Answered
Your Score History
You have not taken this quiz